000 00682nam a2200181Ia 4500
008 131103s9999 xx 000 0 und d
040 _aLoreto College
041 _aEnglish
082 _a882.01/SOP
_b#NAME?
245 4 _aThe complete Greek tragedies
_b Sophocles
_cedited by David Grene and Richmond Lattimore
260 _aChicago
_bThe University Of Chicago Press
_c1957
300 _a254 p.
_c 21 cm.
504 _aAjax/translated by John Moore; The Women of Trachis/translated by Michael Jameson; Electra/translated by David Grene;Philoctetes/translated by David Grene
650 _aSophocles,4496 -406 B.C.
700 _aGrene,David,ed.
850 _aLCLIB
942 _cBK
999 _c5868
_d56347